| Tag |
First Indicator |
Second Indicator |
Subfields |
| LEADER |
00000cam a2200000 i 4500 |
| 001 |
in00000064563 |
| 005 |
20151007083321.0 |
| 008 |
780817s1978 mau 00010 eng d |
| 020 |
|
|
|z 066900748x [level 7]
|
| 035 |
|
|
|a (OCoLC)04149610
|
| 035 |
|
|
|9 AAF9186AM
|
| 040 |
|
|
|a ESM
|c ESM
|d TXA
|d UtOrBLW
|
| 049 |
|
|
|a [Curr Col] TXAM
|c 1
|d [
|v = level ]
|v 9 [1632008]
|v 10 [1632010]
|v 11 [1114955]
|v 12 [1114957]
|c 2
|v 9 [1632009]
|v 10 [1632011]
|v 11 [1114956]
|v 12 [1114958]
|
| 090 |
|
|
|a PE1112
|b .C5 1978a
|
| 100 |
1 |
|
|a Christ, Henry I.
|q (Henry Irving),
|d 1915-
|
| 245 |
1 |
0 |
|a Modern English in action [Level 7-12] :
|b manual and answer book /
|c Henry I. Christ[and others].
|
| 250 |
|
|
|a Teacher's ed.
|
| 264 |
|
1 |
|a Lexington, Mass. :
|b Heath,
|c [1978]
|
| 264 |
|
4 |
|c ©1978
|
| 300 |
|
|
|a 6 volumes :
|b illustrations ;
|c 24 cm.
|
| 336 |
|
|
|a text
|b txt
|2 rdacontent
|
| 337 |
|
|
|a unmediated
|b n
|2 rdamedia
|
| 338 |
|
|
|a volume
|b nc
|2 rdacarrier
|
| 500 |
|
|
|a Earlier editions by J. C. Tressler [and others] under the title: English in action.
|
| 500 |
|
|
|a Gr. 7-12
|
| 500 |
|
|
|a Includes indexes.
|
| 650 |
|
0 |
|a English language
|x Grammar.
|
| 650 |
|
0 |
|a English language
|x Composition and exercises.
|
| 700 |
1 |
|
|a Tressler, Jacob Cloyd,
|d 1882-
|t English in action.
|
| 740 |
0 |
|
|a English in action.
|
| 999 |
|
|
|a MARS
|
| 999 |
f |
f |
|s 1365e8fc-e3df-3955-a425-57443858a6e5
|i 736c121a-cb1e-3754-9119-205384eb97aa
|t 0
|
| 952 |
f |
f |
|p ric
|a Texas A&M University
|b Rellis Campus
|c Joint Library Facility
|s JLF
|d Remote Storage
|t 0
|e PE1112 .C5 1978a
|h Library of Congress classification
|i unmediated -- volume
|k level 10
|m A14800229902
|
| 952 |
f |
f |
|p ric
|a Texas A&M University
|b Rellis Campus
|c Joint Library Facility
|s JLF
|d Remote Storage
|t 0
|e PE1112 .C5 1978a
|h Library of Congress classification
|i unmediated -- volume
|k level 11
|m A14800229910
|
| 952 |
f |
f |
|p ric
|a Texas A&M University
|b Rellis Campus
|c Joint Library Facility
|s JLF
|d Remote Storage
|t 0
|e PE1112 .C5 1978a
|h Library of Congress classification
|i unmediated -- volume
|k level 9
|m A14800229871
|
| 952 |
f |
f |
|p ric
|a Texas A&M University
|b Rellis Campus
|c Joint Library Facility
|s JLF
|d Remote Storage
|t 0
|e PE1112 .C5 1978a
|h Library of Congress classification
|i unmediated -- volume
|k level 12
|m A14800229936
|
| 998 |
f |
f |
|a PE1112 .C5 1978a
|s level12
|t 0
|l Remote Storage
|